English vocabulary - Statistics

General Stats
  • This quiz has been taken 168 times
  • The average score is 15 of 90
Answer Stats
english Answer % Correct
dust poussière
58%
to snore ronfler
51%
clover trèfle
49%
dart fléchette
46%
flesh chair
44%
sink évier
44%
to ooze couler
43%
to sink couler
43%
wisdom sagesse
41%
sidewalk trottoir
41%
merry joyeux
38%
choir chorale
36%
boredom ennui
35%
hornet frelon
35%
motionless immobile
35%
narrow étroit
33%
to crawl ramper
32%
burial enterrement
31%
doorbelle sonnette
31%
drum tambour
31%
loan prêt
29%
wrinkle ride
28%
hood capuche
27%
launch lancer
26%
moth papillon de nuit
26%
lumberjack bucheron
25%
yard cour
25%
attic grenier
25%
moist humide
25%
soaked mouillé
22%
stuntman cascadeur
21%
burden fardeau
20%
marvel merveille
20%
puddle flaque
19%
chestnut châtaigne
17%
bladder vessie
17%
wrath colère
16%
to hatch éclore
16%
slimy gluant
16%
lawn pelouse
16%
to wrap envelopper
15%
sewer égout
14%
to tilt pencher
14%
reckless imprudent
13%
guava goyave
11%
plain simple
11%
grief chagrin
10%
inception lancement
10%
gull mouette
10%
shore rivage
10%
treacherous traître
10%
turd crotte
9%
lacy dentelle
9%
sleigh traineau
9%
showcase vitrine
9%
string chaîne
8%
acquainted connaissance
8%
lousy nul
8%
groundskepper gardien
7%
loafers mocassin
7%
crutch béquille
6%
dwell demeurer
6%
hoax canular
5%
turf gazon
5%
daft idiot
5%
homesick nostalgique
5%
folk personne
5%
foreword préface
5%
renegade rebelle
5%
flavoursome délicieux
4%
persimmon kaki
4%
rhombus losange
4%
swig gorgée
3%
ratty miteux
3%
guidance orientation
3%
bashful timide
3%
wrinky tordu
3%
whiplash traumatisme
3%
porch véranda
3%
wicker osier
2%
beam rayon de lumière
2%
bustle agitation
1%
vida alto
1%
cluster amas
1%
to strut se pavaner
1%
quilt couette
0%
snarky désobligeant
0%
hum fredonnement
0%
stealthily furtivement
0%
sleazy glauque
0%
No matching quizzes found
Score Distribution
Percent of People with Each Score
Percentile by Number Answered
Your Score History
You have not taken this quiz